Normal view
MARC view
- Harold Koontz,Heinz Weihrich
Entry Personal Name
001 - CONTROL NUMBER
- control field: 2005
003 - CONTROL NUMBER IDENTIFIER
- control field: NUST
005 - DATE AND TIME OF LATEST TRANSACTION
- control field: 20170606113326.0
008 - FIXED-LENGTH DATA ELEMENTS
- fixed length control field: 170606|| aca||aabn | a|a d
040 ## - CATALOGING SOURCE
- Original cataloging agency: NUST
- Transcribing agency: NUST
100 ## - HEADING--PERSONAL NAME
- Personal name: Harold Koontz,Heinz Weihrich
670 ## - SOURCE DATA FOUND
- Source citation: Work cat.: (NUST)23665: Harold Koontz,Heinz Weihrich, Essentials of management, c1990
